000 00534nam a2200181Ia 4500
008 090123s9999 xx 000 0 und d
082 _b14757
100 _aदेव बाळकृष्ण
245 _aमोरावर चोर
250 _a1
260 _bसुवर्ण प्रकाशन
300 _a110
600 _aदेव बाळकृष्ण
630 _aमोरावर चोर
700 _aदेव बाळकृष्ण
730 _aमोरावर चोर
942 _cBOOK
999 _c52818
_d52818